|
|
|
|
| LEADER |
01851nam a22003733i 4500 |
| 001 |
EBC7245114 |
| 003 |
MiAaPQ |
| 005 |
20231204023229.0 |
| 006 |
m o d | |
| 007 |
cr cnu|||||||| |
| 008 |
231204s2019 xx o ||||0 eng d |
| 020 |
|
|
|a 9781000792492
|q (electronic bk.)
|
| 020 |
|
|
|z 9788770220767
|
| 035 |
|
|
|a (MiAaPQ)EBC7245114
|
| 035 |
|
|
|a (Au-PeEL)EBL7245114
|
| 035 |
|
|
|a (OCoLC)1378934213
|
| 040 |
|
|
|a MiAaPQ
|b eng
|e rda
|e pn
|c MiAaPQ
|d MiAaPQ
|
| 082 |
0 |
|
|a 616.849
|
| 100 |
1 |
|
|a Jensen, Winnie.
|
| 245 |
1 |
0 |
|a Direct Nerve Stimulation for Induction of Sensation and Treatment of Phantom Limb Pain.
|
| 250 |
|
|
|a 1st ed.
|
| 264 |
|
1 |
|a Milton :
|b River Publishers,
|c 2019.
|
| 264 |
|
4 |
|c Ã2019.
|
| 300 |
|
|
|a 1 online resource (302 pages)
|
| 336 |
|
|
|a text
|b txt
|2 rdacontent
|
| 337 |
|
|
|a computer
|b c
|2 rdamedia
|
| 338 |
|
|
|a online resource
|b cr
|2 rdacarrier
|
| 520 |
|
|
|a Direct Nerve Stimulation for Induction of Sensation and Treatment of Phantom Limb Pain provides an overview of research, experiences and results for the design, development and test of hardware and software components, and the ambition to safely implant and evaluate a novel neural interface system to combat phantom limb pain.
|
| 588 |
|
|
|a Description based on publisher supplied metadata and other sources.
|
| 590 |
|
|
|a Electronic reproduction. Ann Arbor, Michigan : ProQuest Ebook Central, 2023. Available via World Wide Web. Access may be limited to ProQuest Ebook Central affiliated libraries.
|
| 655 |
|
4 |
|a Electronic books.
|
| 776 |
0 |
8 |
|i Print version:
|a Jensen, Winnie
|t Direct Nerve Stimulation for Induction of Sensation and Treatment of Phantom Limb Pain
|d Milton : River Publishers,c2019
|z 9788770220767
|
| 797 |
2 |
|
|a ProQuest (Firm)
|
| 856 |
4 |
0 |
|u https://ebookcentral.proquest.com/lib/matrademy/detail.action?docID=7245114
|z Click to View
|